000 00452nam a22001457a 4500
008 131202b xxu||||| |||| 00| 0 eng d
050 _aPR4037.W35 1963
100 _aWatt, Ian
_94536
245 _aJane Austen
_ba collection of critical esays
_c Ian Watt
260 _aEnglewood Cliffs
_bPrentice-Hall, Inc.
_c1963
300 _avi, 184p.;
_c22cm.
440 _aTewntieth Century Views
_94537
650 _aAusten, Jane
_94538
942 _2lcc
_cMONOGRAPH
999 _c118885
_d118885